Desarrollo, Economa̕ y Sociedad

Bibliographic Details
Format: eBook
Language:Spanish
Published: Boyac:̀ Fundacin̤ Universitaria Juan de Castellanos, 2012 -
Subjects:
Online Access:Acceso restringido

MARC

LEADER 00000nam a22000007a 4500
005 20170518122128.0
007 cr|||| ||||
008 170518c20129999co ar|| s|||| 0|||b1spa d
022 |a 2322-8040 
035 |a 14588 
040 |a vLex 
090 |c 6656  |d 6656 
245 0 0 |a Desarrollo, Economa̕ y Sociedad  |h [Recurso electrn̤ico] 
256 |a Servicio en ln̕ea 
260 |a Boyac:̀  |b Fundacin̤ Universitaria Juan de Castellanos,  |c 2012 -  
300 |a 1 recurso electrn̤ico 
362 |a Nm︢. 1 (2012) -  
506 0 |a Contenido disponible en los productos indicados  |d vLex Global  |d vLex Global (Academic Edition, excluding Law Schools)  |d vLex Global (U.S. Academic Edition, Law Schools)  |d vLex Global (U.S. Academic Edition, excluding Law Schools)  |d vLex Global (Academic Edition, Law Schools) 
650 0 4 |a Desarrollo econm̤ico   |z Colombia 
650 0 4 |a Ciencias sociales  |z Colombia 
740 0 |a vLex Revistas (Servicio en ln̕ea) 
856 4 0 |u http://vlex.com/source/desarrollo-economia-sociedad-14588  |z Acceso restringido 
942 |c REV 
999 0 |a Economic development 
999 0 |a Social sciences